000 00646nam a2200253Ia 4500
003 OSt
005 20220925210958.0
006 a|||||r|||| 00| 0
007 ta
008 220923b |||||||| |||| 00| 0 eng d
020 _a8170336910
037 _cGeneral Book
040 _aRTL
_cRTL
_beng
041 _2eng
_aeng
082 _aU.4.P, P1
100 _aTirtha Ranjit
_9273602
245 0 _aGeography of Asia
260 _aJaipur
_bRawat
_c2001
300 _a440p.
_ccm.
500 _aBibliography chapterwise
650 _aGeography
942 _hU.4.P, P1
_cGB
_2CC
999 _c556390
_d556390